000
00296nam a22001337a 4500
008
170831b xxu||||| |||| 00| 0 eng d
020
_a
9780673993090
041
_a
eng
080
_2
4 ED
_a
070
100
_a
40
101
_a
MED
245
_a
PUBLIC RELATIONS
_c
WILCOX.D.L
942
_2
udc
_c
BK
999
_c
25884
_d
25884